Wicked loving lies / (Record no. 284709)
[ view plain ]
| 000 -LEADER | |
|---|---|
| fixed length control field | 00415nam a22001570 4500 |
| 003 - CONTROL NUMBER IDENTIFIER | |
| control field | PILC |
| 005 - DATE AND TIME OF LATEST TRANSACTION | |
| control field | 20150905093626.0 |
| 008 - FIXED-LENGTH DATA ELEMENTS--GENERAL INFORMATION | |
| fixed length control field | 970404 eng |
| 050 ## - LIBRARY OF CONGRESS CALL NUMBER | |
| Classification number | PS 3573 |
| Item number | .R724 1976 |
| 100 1# - MAIN ENTRY--PERSONAL NAME | |
| Personal name | Rogers, Rosemary. |
| 245 10 - TITLE STATEMENT | |
| Title | Wicked loving lies / |
| Statement of responsibility, etc | by Rosemary Rogers. |
| 260 ## - PUBLICATION, DISTRIBUTION, ETC. (IMPRINT) | |
| Place of publication, distribution, etc | New York : |
| Name of publisher, distributor, etc | Avon, |
| Date of publication, distribution, etc | 1976. |
| 300 ## - PHYSICAL DESCRIPTION | |
| Extent | 667 pages ; |
| Dimensions | 19 cm. |
| 650 ## - SUBJECT ADDED ENTRY--TOPICAL TERM | |
| Topical term or geographic name as entry element | Fiction. |
| 942 ## - ADDED ENTRY ELEMENTS (KOHA) | |
| Source of classification or shelving scheme | Library of Congress Classification |
| Koha item type | Books |
| Call number prefix | Foreign |
| Withdrawn status | Lost status | Source of classification or shelving scheme | Damaged status | Home library | Current library | Shelving location | Date acquired | Source of acquisition | Sub Shelving location | Total Checkouts | Full call number | Barcode | Date last seen | Date checked out | Price effective from | Koha item type |
|---|---|---|---|---|---|---|---|---|---|---|---|---|---|---|---|---|
| Library of Congress Classification | College Library | College Library | Fiction Section | 06/04/2015 | Library Fund | 1 | PS 3573 .R724 1976 | C19552 | 05/11/2023 | 05/02/2023 | 06/04/2015 | Books |